| 000 | 00479nam a22001577a 4500 | ||
|---|---|---|---|
| 003 | OSt | ||
| 005 | 20160324151412.0 | ||
| 008 | 160324b xxu||||| |||| 00| 0 eng d | ||
| 040 | _cRUA | ||
| 082 | _aATM PEY 2004 B473 Or.1 | ||
| 100 |
_98195 _aPEY NGEK, ពៃ ងុិក |
||
| 245 | _aការដាំព្រៃឈើនៅស្ថានីយ៍ដាំដុះកងវ៉ា | ||
| 260 |
_aPhnom Penh _bRUA _c2004 |
||
| 300 |
_aiv, 55p. _bill. _c29cm. |
||
| 942 |
_2ddc _cATM |
||
| 999 |
_c7813 _d7813 |
||